00500 2200181 4500001002100000005001500021008004100036020002200077035001900099041000700118082001100125090001700136100002300153245005000176260004100226300003400267650001700301INLIS00000000000568420241224113139241224||||||||| | ||| |||| || |  a978-602-00-1913-0 0010-1224005684 aid0 a658.84 a658.84 RAH R0 aJubilee Enterprise00aRahasia Sukses Buka Lapak Jualan di Tokopedia aJakartabElex Media Komputindoc2012 a21x14 cm, x, 124 hlm.; ilus.: 0aIlmu Terapan